000 00675nam a2200229Ia 4500
005 20241216005937.0
008 180423s9999||||xx |||||||||||||| ||und||
020 _a84-493-0096-7
082 _a155.4
_bB77
100 _aBOULCH, JEAN LE
245 0 _aEL DESARROLLO PSICOMOTOR DESDE EL NACIMIENTO HASTA LOS 6 AÑOS
_bCONSECUENCIAS EDUCATIVAS
250 _a0
260 _aBARCELONA-ESPAÑA
_bPAIDOS
_c1995
300 _a293 pag.
_c22 cm
341 _h0
490 _v0
_a0
505 _aPSICOCINETICA-PSICOMOTRIZ-EVOLUCION/EDAD PREESCOLAR-EDUCACIO
541 _aC
_bGRUPO COMERCIAL LOS ANDES
_d23-May-97
650 _aFILOSOFIA
856 _zHumanidades
942 _cLIBRO
999 _c1314
_d1314